logo

Bir Sreshtho Munshi Abdur Rouf Library
Jhenaidah Cadet College

Humanitarian alert : (Record no. 1963)

MARC details
000 -LEADER
fixed length control field 01378nam a2200349 a 4500
001 - CONTROL NUMBER
JCCL Control Number 1963
003 - CONTROL NUMBER IDENTIFIER
JCCL marc code BD-JhCC
005 - DATE AND TIME OF LATEST TRANSACTION
control field 20171026202712.0
008 - FIXED-LENGTH DATA ELEMENTS--GENERAL INFORMATION
fixed length control field 171026s2007 ctua b 001 0 eng d
020 ## - INTERNATIONAL STANDARD BOOK NUMBER
International Standard Book Number 1565492277 (pbk. : alk. paper)
020 ## - INTERNATIONAL STANDARD BOOK NUMBER
International Standard Book Number 1565492285 (cloth : alk. paper)
020 ## - INTERNATIONAL STANDARD BOOK NUMBER
International Standard Book Number 9781565492271
020 ## - INTERNATIONAL STANDARD BOOK NUMBER
International Standard Book Number 9781565492288
035 ## - SYSTEM CONTROL NUMBER
system control number (BD-JhCC)1963
040 ## - CATALOGING SOURCE
Original cataloging agency DLC
Transcribing agency DLC
Modifying agency BAKER
-- C#P
-- BTCTA
-- DLC
-- BD-JhCC
041 ## - LANGUAGE CODE
Language code of Book eng
050 00 - LIBRARY OF CONGRESS CALL NUMBER
Classification number JZ4841
Item number .S755 2006
082 00 - DEWEY DECIMAL CLASSIFICATION NUMBER
Classification number 327.73
DDC Edition number 22
Author mark and Year STO 2007
100 1# - MAIN ENTRY--PERSONAL NAME
Personal name Stoddard, Abby,
Dates associated with a name 1966-
245 10 - TITLE STATEMENT
Title Humanitarian alert :
Remainder of title NGO information and its impact on US foreign policy /
Statement of responsibility, etc Abby Stoddard.
260 ## - PUBLICATION, DISTRIBUTION, ETC. (IMPRINT)
Place of publication, distribution, etc Bloomfield, CT :
Name of publisher, distributor, etc Kumarian Press,
Date of publication, distribution, etc c2007.
300 ## - PHYSICAL DESCRIPTION
Pagination xxiii, 246 p. :
Other physical details ill. ;
Dimensions 24 cm.
504 ## - BIBLIOGRAPHY, ETC. NOTE
Bibliography, etc Includes bibliographical references (p. 219-231) and index.
505 0# - FORMATTED CONTENTS NOTE
Formatted contents note Agents, advisors, antagonists -- Ants in the ground, gnats in the ear -- Somalia -- Bosnia -- Kosovo -- Some conclusions from the three cases -- The humanitarian alert in "forgotten emergencies".
650 #0 - SUBJECT ADDED ENTRY--TOPICAL TERM
Topical term or geographic name as entry element Non-governmental organizations.
650 #0 - SUBJECT ADDED ENTRY--TOPICAL TERM
Topical term or geographic name as entry element Non-governmental organizations
General subdivision Political aspects.
650 #0 - SUBJECT ADDED ENTRY--TOPICAL TERM
Topical term or geographic name as entry element Non-governmental organizations
General subdivision International cooperation.
650 #0 - SUBJECT ADDED ENTRY--TOPICAL TERM
Topical term or geographic name as entry element International relief.
651 #0 - SUBJECT ADDED ENTRY--GEOGRAPHIC NAME
Geographic name United States
General subdivision Foreign relations
Chronological subdivision 1989-
942 ## - ADDED ENTRY ELEMENTS (KOHA)
Source of classification or shelving scheme Dewey Decimal Classification
Koha item type Books
Holdings
Source of classification or shelving scheme Damaged status Not for loan Home library Current library Shelving location Date of accession Source of acquisition Total Checkouts Full call number Barcode Date last seen Copy number Koha item type
Dewey Decimal Classification     JCC Rouf Library JCC Rouf Library General Stacks 10/26/2017 The Asia Foundation   327.73 STO 2007 3347 10/26/2017 C-1 Books

JCC Library | Contacts | JCC Home

Last Update on 23 September 2017
Copyright @ 2017-2020 JCC Rouf Library
Rouf Library, Jhenidah Cadet College (JCC), Bangladesh